Statistics for Band of Brothers: Main Characters

Click here to take the quiz!

General Stats

  • This quiz has been taken 361 times
    (316 since last reset)
  • The average score is 10 of 20

Answer Stats

RankPerson% Correct
Capt.Dick Winters
98%
1st Sgt.Carwood Lipton
91%
Capt.Lewis Nixon
83%
Capt.Ronald Speirs
71%
Tech Sgt.Don Malarkey
62%
MedicEugene "Doc" Roe
62%
Staff Sgt.Bill Guarnere
61%
Staff Sgt.Joseph Toye
61%
Sgt."Bull" Randleman
54%
1st Lt.Lynn Compton
50%
Pvt.George Luz
49%
Pvt.David Webster
46%
T-5Joseph Liebgott
44%
T-4Frank Perconte
38%
Staff Sgt.John Martin
35%
Sgt.Warren "Skip" Muck
34%
Pvt.Shifty Powers
23%
Staff Sgt.Floyd Talbert
21%
Pvt.Robert "Popeye" Wynn
18%
Pvt.Burton Christenson
11%

Score Distribution

Percentile by Number Answered

Percent of People with Each Score

Your Score History

You have not taken this quiz since the last reset